Capital Market (Record no. 226520)

MARC details
000 -LEADER
fixed length control field 00551nam a22002057a 4500
005 - DATE AND TIME OF LATEST TRANSACTION
control field 20230201144829.0
008 - FIXED-LENGTH DATA ELEMENTS--GENERAL INFORMATION
fixed length control field 230201b ||||| |||| 00| 0 eng d
040 ## - CATALOGING SOURCE
Transcribing agency AL
041 ## - LANGUAGE CODE
Language code of text/sound track or separate title English
082 ## - DEWEY DECIMAL CLASSIFICATION NUMBER
Edition number 23
Classification number 332.64
Item number AGAC
100 ## - MAIN ENTRY--PERSONAL NAME
Personal name Anil Agashe
100 ## - MAIN ENTRY--PERSONAL NAME
9 (RLIN) 70491
245 ## - TITLE STATEMENT
Title Capital Market
260 ## - PUBLICATION, DISTRIBUTION, ETC.
Place of publication, distribution, etc. Pune
Name of publisher, distributor, etc. Symbiosis Centre for Distance Learning
Date of publication, distribution, etc. 2009
300 ## - PHYSICAL DESCRIPTION
Extent 292 p.
Other physical details PB
Dimensions 24x17 cm.
650 ## - SUBJECT ADDED ENTRY--TOPICAL TERM
Topical term or geographic name entry element Market
9 (RLIN) 70492
650 ## - SUBJECT ADDED ENTRY--TOPICAL TERM
Topical term or geographic name entry element developments
9 (RLIN) 70493
650 ## - SUBJECT ADDED ENTRY--TOPICAL TERM
Topical term or geographic name entry element stock exchange
9 (RLIN) 70494
700 ## - ADDED ENTRY--PERSONAL NAME
Personal name AGASHE (Anil)
9 (RLIN) 70495
942 ## - ADDED ENTRY ELEMENTS (KOHA)
Source of classification or shelving scheme Dewey Decimal Classification
Koha item type Donated Books
Holdings
Withdrawn status Lost status Source of classification or shelving scheme Damaged status Not for loan Collection code Home library Current library Date acquired Total Checkouts Full call number Barcode Date last seen Price effective from Koha item type
    Dewey Decimal Classification     Commerce St Aloysius Library St Aloysius Library 05/28/2013   332.64 AGAC D05102 02/01/2023 02/01/2023 Donated Books